El pulso de los sexenios (Record no. 66843)
[ view plain ]
| 000 -LEADER | |
|---|---|
| fixed length control field | 00722cac a2200205 a 4500 |
| 005 - DATE AND TIME OF LATEST TRANSACTION | |
| control field | 20250522122813.0 |
| 008 - FIXED-LENGTH DATA ELEMENTS--GENERAL INFORMATION | |
| fixed length control field | 250522b mx |||||||| |||| 00spa|d |
| 020 ## - INTERNATIONAL STANDARD BOOK NUMBER | |
| International Standard Book Number | 9682315573 |
| 050 00 - LIBRARY OF CONGRESS CALL NUMBER | |
| Classification number | HC135 |
| Item number | B37 1999 |
| 100 1# - MAIN ENTRY--PERSONAL NAME | |
| Personal name | Basáñez, Miguel |
| 245 13 - TITLE STATEMENT | |
| Title | El pulso de los sexenios |
| Remainder of title | : 20 años de crisis en México |
| Statement of responsibility, etc | / por Miguel Basáñez. |
| 246 14 - VARYING FORM OF TITLE | |
| Title proper/short title | El pulso de los sexenios |
| Remainder of title | : veinte años de crisis en México |
| 250 ## - EDITION STATEMENT | |
| Edition statement | 4a ed. |
| 260 ## - PUBLICATION, DISTRIBUTION, ETC. (IMPRINT) | |
| Place of publication, distribution, etc | México : |
| Name of publisher, distributor, etc | Siglo Veintiuno Editores, |
| Date of publication, distribution, etc | 1999 |
| 300 ## - PHYSICAL DESCRIPTION | |
| Extent | 411 p. : |
| Other physical details | il. ; |
| Dimensions | 21 cm. |
| 490 0# - SERIES STATEMENT | |
| Series statement | Sociología y política |
| 504 ## - BIBLIOGRAPHY, ETC. NOTE | |
| Bibliography, etc | Incluye apéndice y bibliografías |
| 651 #7 - SUBJECT ADDED ENTRY--GEOGRAPHIC NAME | |
| Source of heading or term | lemb |
| Geographic name | México |
| General subdivision | Condiciones económicas |
| Chronological subdivision | 1968-1988 |
| 942 ## - ADDED ENTRY ELEMENTS (KOHA) | |
| Source of classification or shelving scheme | Biblioteca del Cogreso de los Estados Unidos |
| Koha item type | Libro |
| Estado de pérdida | Fuente de clasificación | Estado del daño | No para préstamo | Ubicación permanente | Ubicación actual | Apartado o colección | Fecha de adquisición | Fuente de adquisición | Edición | Enumeración de Serie / Cronológica | Dependencia de educación superior (DES) | Área del conocimiento | Clasificación | Código de Barras | Date last seen | Número de copia | Costo por reposición | Tipo de recurso |
|---|---|---|---|---|---|---|---|---|---|---|---|---|---|---|---|---|---|---|
| Biblioteca del Cogreso de los Estados Unidos | Uso interno Biblioteca | Biblioteca de la Facultad de Economía | Biblioteca de la Facultad de Economía | General | 22/05/2025 | Unidad Académica | 4a ed. | Ciencias Económico Administrativas | Ciencias Sociales y Administrativas | HC135 B37 1999 | BFE000010771 | 08/03/2017 | 1 | 1.00 | Libro | |||
| Biblioteca del Cogreso de los Estados Unidos | Biblioteca del Instituto de Investigaciones Históricas | Biblioteca del Instituto de Investigaciones Históricas | General | 17/08/2018 | 4a ed. | Humanidades | Ciencias Sociales y Administrativas | HC135 B37 1999 | IIH000024565 | 17/08/2018 | C:1 | Libro |